000 00804nam a22002177a 4500
003 OSt
005 20260522092530.0
008 260522b |||||||| |||| 00| 0 eng d
040 _aKenya National Library Service
082 _a231.044 WHI
100 _aWhitworth, Patrick
_eauthor
245 _aDefining God:
_bAthanasius, Nicaea and the Trinitarian Controversy of the Fourth Century/
_cPatrick Whitworth ; forward by Mouneer H. Anis
300 _a246 pages ;
_c 22 cm
650 _aTrinity — History of doctrines — Early church
650 _aChristology — History — 4th century
650 _aChurch history — Primitive and early church
700 _aAnis, Mouneer H.
_eauthor
942 _2ddc
_cBK
_n0
999 _c492791
_d492791